ARRUPE JESUIT UNIVERSITY

CORONAVIRUS -STOP THE SPREAD - CLEAN,DISINFECT,COVER

Exodus / (Record no. 122008)

MARC details
000 -LEADER
fixed length control field 04134cam a2200325 a 4500
001 - CONTROL NUMBER
control field 15001927
003 - CONTROL NUMBER IDENTIFIER
control field ARRUPE
005 - DATE AND TIME OF LATEST TRANSACTION
control field 20150313172909.0
008 - FIXED-LENGTH DATA ELEMENTS--GENERAL INFORMATION
fixed length control field 070911s2008 mau b 001 0 eng
010 ## - LIBRARY OF CONGRESS CONTROL NUMBER
LC control number 2007037388
020 ## - INTERNATIONAL STANDARD BOOK NUMBER
International Standard Book Number 9781565632127 (alk. paper)
020 ## - INTERNATIONAL STANDARD BOOK NUMBER
International Standard Book Number 1565632125 (alk. paper)
035 ## - SYSTEM CONTROL NUMBER
System control number (OCoLC)ocn173480393
035 ## - SYSTEM CONTROL NUMBER
System control number (OCoLC)173480393
Canceled/invalid control number (OCoLC)166372902
040 ## - CATALOGING SOURCE
Original cataloging agency DLC
Transcribing agency DLC
Modifying agency BAKER
-- BTCTA
-- YDXCP
-- C#P
-- BWX
-- DLC
050 00 - LIBRARY OF CONGRESS CALL NUMBER
Classification number BS1245.53
Item number .B78 2008
082 00 - DEWEY DECIMAL CLASSIFICATION NUMBER
Classification number 222/.1207
Edition number 22
300 ## - PHYSICAL DESCRIPTION
Dimensions 22 cm.
100 1# - MAIN ENTRY--PERSONAL NAME
Personal name Bruckner, James K.
9 (RLIN) 14998
245 10 - TITLE STATEMENT
Title Exodus /
Statement of responsibility, etc James K. Bruckner.
260 ## - PUBLICATION, DISTRIBUTION, ETC. (IMPRINT)
Place of publication, distribution, etc Peabody, Mass. :
Name of publisher, distributor, etc Hendrickson Publishers ;
Place of publication, distribution, etc Milton Keynes, UK :
Name of publisher, distributor, etc Paternoster,
Date of publication, distribution, etc 2008.
300 ## - PHYSICAL DESCRIPTION
Extent xvi, 348 p. ;
440 #0 - SERIES STATEMENT/ADDED ENTRY--TITLE
Title New International biblical commentary.
Name of part/section of a work Old Testament series ;
Volume number/sequential designation 2
9 (RLIN) 14999
500 ## - GENERAL NOTE
General note "Based on the New International Version."
504 ## - BIBLIOGRAPHY, ETC. NOTE
Bibliography, etc Includes bibliographical references (p. [333]-338) and indexes.
505 0# - FORMATTED CONTENTS NOTE
Formatted contents note The need for deliverance (Exod. 1:1-22) -- Moses' beginnings (Exod. 2:1-10) -- Moses encounters violence (Exod. 2:11-25) -- Yahweh calls Moses (Exod. 3:1-22) -- God prepares Moses (Exod. 4:1-31) -- Oppression increases (Exod. 5:1-6:1) -- Yahweh's promises (Exod. 6:2-30) -- The plagues begin (Exod. 7:1-25) -- Frogs, gnats, and flies (Exod. 8:1-32) -- Dead livestock, boils, and a storm of hail with lightning (Exod. 9:1-35) -- God hardens Pharaoh's heart : locusts and darkness (Exod. 10:1-29) -- Final warning (Exod. 11:1-10) -- Passed-over or destroyed? (Exod. 12:1-27) -- The devastating blow and the beginning of the exit (Exod. 12:28-51) -- 15 unleavened bread and firstborn redemption, revisited (Exod. 13:1-22) -- Crossing the sea (Exod. 14:1-31) -- Singing at the sea (Exod. 15:1-21) -- Journey from the sea into the wilderness (Exod. 15:22-27) -- Leadership, learning, manna, meat, and the first Sabbath rest (Exod. 16:1-36) -- Quarreling, water from a rock, Amalekite attack, and a banner (Exod. 17:1-16) -- Father Jethro and God's just justice (Exod. 18:1-27) -- 22 meeting God at Sinai (Exod. 19:1-25) -- Ten commandments : first through fifth (Exod. 20:1-12) -- Ten commandments : sixth through tenth (exod. 20:13-26) -- Covenant laws I : debt slaves and capital offenses (Exod. 21:1-17) -- Covenant laws II : personal injury, bulls, and oxen (Exod. 21:18-36) -- Covenant laws III : property rights, capital offenses, using power, relationship to God (Exod. 22:1-31) -- Covenant laws IV : corruption, poverty, three festivals, god's promises (exod. 23:1-33) -- The covenant is received and sealed (exod. 24:1-18) -- Introduction to the tabernacle (Exod. 25-40) -- I will dwell among them : materials, ark, table, and lampstand (Exod. 25:1-40) -- Instructions for making the tent of meeting (exod. 26:1-37) -- Instructions : altar, courtyard, lamp oil (Exod. 27:1-21) -- Instructions : priestly garments (Exod. 28:1-43) -- Instructions : Aaron's consecration, the altar consecration, and daily sacrifices (Exod. 29:1-46) -- Instructions : incense altar, money, water, anointing oil, and incense (Exod. 30:1-38) -- Instructions : Bezalel and Sabbath (Exod. 31:1-18) -- Crisis at Sinai : the golden calf (Exod. 32-34) -- The golden calf (Exod. 32:1-35) -- Crisis : will Yahweh go with them? (Exod. 33:1-23) -- Crisis resolved : the name of the Lord (Exod. 34:1-9) -- Crisis resolved : Yahweh renews the covenant (Exod. 34:10-35) -- Building Yahweh's dwelling place : willing hearts (Exod. 35:1-35) -- Creating a space for God : overabundant donations and making the tabernacle tent (Exod. 36:1-38) -- Building : ark, table, lampstand, incense altar, and anointing oil (Exod. 37:1-29) -- Building : altar, basin, and courtyard (Exod. 38:1-31) -- Making priestly garments (Exod. 39:1-43) -- The presence of the Lord in the midst of the camp (Exod. 40:1-38).
630 00 - SUBJECT ADDED ENTRY--UNIFORM TITLE
Uniform title Bible.
Name of part/section of a work Exodus
Form subdivision Commentaries.
9 (RLIN) 15000
906 ## - LOCAL DATA ELEMENT F, LDF (RLIN)
a 7
b cbc
c orignew
d 1
e ecip
f 20
g y-gencatlg
942 ## - ADDED ENTRY ELEMENTS (KOHA)
Source of classification or shelving scheme Library of Congress Classification
Koha item type Monograph ( Printed materials)
Holdings
Withdrawn status Lost status Source of classification or shelving scheme Damaged status Not for loan Collection code Home library Current library Shelving location Date acquired Total Checkouts Full call number Barcode Date last seen Price effective from Koha item type
    Library of Congress Classification     Main Collection ARRUPE LIBRARY ARRUPE LIBRARY Main Collection 10/02/2015   BS1245.53 .B78 2008 46500001055 07/12/2016 10/02/2015 Monograph ( Printed materials)

 

Arrupe Library. PO Box MP320 Mt Pleasant, Harare, Zimbabwe
263 242 745411|librarian@aju.ac.zw